Movies Quiz

Random Movies or Halloween Quiz

Monster Movie By Monster Quote Quiz Stats

Quiz Updated Oct 5, 2017

Challenge
Share
Tweet
Embed
Score 0/24 Timer 08:00
0 Plays Today
% Correct
Frankenstein (1931)
93%
Alien (1979)
92.7%
The Fly (1986)
91.8%
Gremlins (1984)
88.1%
Little Shop of Horrors (1986)
87.5%
Godzilla, King of the Monsters! (1956)
86.6%
Piranha (1978)
85.4%
Tremors (1990)
85.1%
Rare Exports: A Christmas Tale (2010)
83.5%
King Kong (1933)
81%
The Mummy (1999)
80.5%
Creature from the Black Lagoon (1954)
79.6%
% Correct
Night of the Living Dead (1968)
75.4%
The Thing (1982)
74%
Cloverfield (2008)
71.1%
Bram Stoker's Dracula (1992)
69.7%
Plan 9 from Outer Space (1959)
68.7%
Predator (1987)
66.5%
The Cabin in the Woods (2012)
59.8%
The Day of the Triffids (1963)
58.3%
Cat People (1942)
57.7%
Night of the Lepus (1972)
54.3%
Jeepers Creepers (2001)
51.5%
Pacific Rim (2013)
49.6%

You're not logged in!

Compare scores with friends on all Sporcle quizzes.
Join for Free
OR
Log In

You Might Also Like...

Show Comments

Extras

Top Quizzes Today


Score Distribution

Your Account Isn't Verified!

In order to create a playlist on Sporcle, you need to verify the email address you used during registration. Go to your Sporcle Settings to finish the process.

Report this User

Report this user for behavior that violates our Community Guidelines.

Details: